| 000 | 01411aab a2200241 i 4500 | ||
|---|---|---|---|
| 001 | 768714001 | ||
| 003 | CO-MdFUSB | ||
| 005 | 20240703165131.0 | ||
| 008 | 240703t1994 sz ||||| |||| 00| 0 eng d | ||
| 040 |
_bspa _cCO-MdFUSB |
||
| 041 | _aeng | ||
| 100 | 1 |
_aGranberg Michaelson, Wesley _eautor |
|
| 245 |
_aTowards a theology of life _c/ Wesley Granberg Michaelson |
||
| 520 | _aLa creación ha sido un subtema en la teología ecuménica, a veces abordado con sospecha y a menudo con benigna negligencia. Sólo en la última década la atención teológica a la creación surgió como un punto de orientación ampliamente reconocido en los círculos ecuménicos. Aún así, esto plantea más preguntas y desafíos que respuestas, y sugiere nuevos paradigmas sobre cómo se puede abordar toda la teología desde un contexto ecuménico. La teología reformada y el trabajo de la Alianza Mundial de Iglesias Reformadas desempeñaron un papel fundamental en estos acontecimientos, especialmente antes del Consejo General de la ARM en 1989 en Seúl. | ||
| 546 | _aTexto en inglés. | ||
| 650 | 7 |
_aTeología natural _97182 |
|
| 650 | 0 |
_aProtestantismo _9947 |
|
| 650 | 0 |
_aReforma de la iglesia _9958 |
|
| 650 | 7 |
_aCreación _9251 |
|
| 773 | 0 |
_tReformed World _049396 _959542 _gVolumen 44, (número 3, 1994) páginas: 99 - 110 _qpágina: 99 |
|
| 942 | _cANA | ||
| 945 | _aCatherine Arias Álvarez - Practicante SENA | ||
| 999 |
_c55358 _d55358 |
||